书目信息 |
| 题名: |
轨道交通人文化设计
|
|
| 作者: | 张继菁 主编 ;北京市轨道交通设计研究院公司 编著 | |
| 分册: | ||
| 出版信息: | 北京 中国建筑工业出版社 2022.02 |
|
| 页数: | XIV, 350页 | |
| 开本: | 26cm | |
| 丛书名: | 北京市轨道交通网络化总体设计与管理系列丛书 | |
| 单 册: | ||
| 中图分类: | U239.5 | |
| 科图分类: | ||
| 主题词: | 城市铁路--cheng shi tie lu--交通规划--研究 | |
| 电子资源: | ||
| ISBN: | 978-7-112-26863-4 | |
| 000 | 01315nam 2200277 450 | |
| 001 | 25921 | |
| 005 | 20220919172304.10 | |
| 010 | @a978-7-112-26863-4@dCNY196.00 | |
| 100 | @a20220331d2022 em y0chiy50 ea | |
| 101 | 0 | @achi |
| 102 | @aCN@b110000 | |
| 105 | @aa a 000yy | |
| 200 | 1 | @a轨道交通人文化设计@Agui dao jiao tong ren wen hua she ji@f北京市轨道交通设计研究院有限公司编著 |
| 210 | @a北京@c中国建筑工业出版社@d2022.02 | |
| 215 | @aXIV, 350页@c彩图@d26cm | |
| 225 | 2 | @a北京市轨道交通网络化总体设计与管理系列丛书@Abei jing shi gui dao jiao tong wang luo hua zong ti she ji yu guan li xi lie cong shu |
| 314 | @a书内题: 张继菁主编 | |
| 320 | @a有书目 (第349-350页) | |
| 330 | @a本书强调从使用者的角度优化轨道交通网络的使用体验, 按照车站内、外部人文化研究, 共分为七章, 即: 绪论、车站地面附属建筑概念设计、车站外部公共设施设置、车站接驳设施设计、车站内公共艺术概念设计、车站内人性化设施设置、车站内导向标识网络化应用及设计。 | |
| 410 | 0 | @12001 @a北京市轨道交通网络化总体设计与管理系列丛书 |
| 606 | 0 | @a城市铁路@Acheng shi tie lu@x交通规划@x研究 |
| 690 | @aU239.5@v5 | |
| 701 | 0 | @a张继菁@Azhang ji jing@4主编 |
| 712 | 02 | @a北京市轨道交通设计研究院公司@Abei jing shi gui dao jiao tong she ji yan jiu yuan gong si@4编著 |
| 801 | 0 | @aCN@c20220910 |
| 905 | @a河南城建学院图书馆@dU239.5@eZ120@f1 | |
| 轨道交通人文化设计/北京市轨道交通设计研究院有限公司编著.-北京:中国建筑工业出版社,2022.02 |
| XIV, 350页:彩图;26cm.-(北京市轨道交通网络化总体设计与管理系列丛书) |
| ISBN 978-7-112-26863-4:CNY196.00 |
| 本书强调从使用者的角度优化轨道交通网络的使用体验, 按照车站内、外部人文化研究, 共分为七章, 即: 绪论、车站地面附属建筑概念设计、车站外部公共设施设置、车站接驳设施设计、车站内公共艺术概念设计、车站内人性化设施设置、车站内导向标识网络化应用及设计。 |
| ● |
| 相关链接 |
|
|
|
正题名:轨道交通人文化设计
索取号:U239.5/Z120
 
预约/预借
| 序号 | 登录号 | 条形码 | 馆藏地/架位号 | 状态 | 备注 |
| 1 | 1576776 | 215767766 | 自科库501/501自科库 80排2列2层/ [索取号:U239.5/Z120] | 在馆 |